书目信息 |
| 题名: |
冷庐杂识
|
|
| 作者: | 陆以恬 撰 ;崔凡芝 点校 | |
| 分册: | ||
| 出版信息: | 北京 中华书局 1984 |
|
| 页数: | 476页 | |
| 开本: | 19cm | |
| 丛书名: | 清代史料笔记丛刊 | |
| 单 册: | ||
| 中图分类: | K249.6 | |
| 科图分类: | ||
| 主题词: | 中国--历史 | |
| 电子资源: | ||
| ISBN: | ||
| 000 | 00730nam2 2200277 45 | |
| 001 | 0184007181 | |
| 005 | 20040505112933.7 | |
| 010 | @dCNY1.45 | |
| 091 | @a11018.1156 | |
| 100 | @a19950523d1984 emky0chiy0121 ea | |
| 101 | 0 | @achi |
| 102 | @aCN@b110000 | |
| 105 | @ay z 000yy | |
| 106 | @ar | |
| 200 | 10 | @a冷庐杂识@Aleng lu za shi@f(清)陆以恬撰@g崔凡芝点校 |
| 210 | @a北京@c中华书局@d1984 | |
| 215 | @a476页@d19cm | |
| 225 | 2 | @a清代史料笔记丛刊 |
| 410 | 0 | @120010@a清代史料笔记丛刊 |
| 606 | 0 | @a中国@x历史 |
| 690 | @aK249.6 | |
| 701 | 0 | @a陆以恬@Alu yi tian@f清@4撰 |
| 702 | 0 | @a崔凡芝@Acui fan zhi@4点校 |
| 801 | 0 | @aCN@b上海图书馆@c20040505 |
| 801 | 2 | @aCN@bNLC@c20040505 |
| 905 | @f1@b109132@dK249.6@e15 | |
| 冷庐杂识/(清)陆以恬撰/崔凡芝点校.-北京:中华书局,1984 |
| 476页;19cm.-(清代史料笔记丛刊) |
| ISBN :CNY1.45 |
| ● |
| 相关链接 |
|
|
|
|
正题名:冷庐杂识
索取号:K249.6/15
 
预约/预借
| 序号 | 登录号 | 条形码 | 馆藏地/架位号 | 状态 | 备注 |
| 1 | 0109132 | 000581524 | 第二借阅区/ [索取号:K249.6/15] | 在馆 | |
| 2 | 0109133 | 000581454 | 第二样本阅览室/ [索取号:K249.6/15] | 在馆 |